000 00656cab a2200217 4500
001 WB3411-06
008 090401t1998 xxu||||| |||| 00| 0 eng d
035 _a(Sirsi) u84985
041 _aeng
245 _aDefects rules launched
260 _c1998
350 _a0
490 _aContract Journal
_v392(6166) 11 March 1998, 3(1)
520 _aResearchers studying the elimination of defects in structures have unveiled an eight point plan to tackle the problem.
650 _aBUILDING DEFECTS
650 _aCONTRACTORS
650 _aPARTNERS IN TECHNOLOGY
690 _aBUILT ENVIRONMENT-BUILDING PATHOLOGY
942 _n0
948 _c17/03/1998
999 _c53426
_d53426